[Event "Quebec Montcalm op 9th"]
[Site "Quebec"]
[Date "2003.11.27"]
[Round "2"]
[White "Chouinard, Bastien"]
[Black "Auger, Bertrand"]
[Result "0-1"]
[WhiteElo "1695"]
[BlackElo "2106"]
[PlyCount "88"]
[EventDate "2003.??.??"]
[EventType "swiss"]
[EventRounds "5"]
[EventCountry "CAN"]
[SourceTitle "EXT 2008"]
[Source "ChessBase"]
[SourceDate "2007.11.25"]
[SourceVersion "1"]
[SourceVersionDate "2007.11.25"]
[SourceQuality "1"]

1. d4 e6 2. e4 d5 3. e5 c5 4. c3 Nc6 5. Nf3 Qb6 6. Be2 Nh6 7. 0-0 cxd4 8. cxd4 Nf5 9. Kh1 Ncxd4 10. Nxd4 Nxd4 11. Be3 Bc5 12. Nc3 Bd7 13. Na4 Bxa4 14. Qxa4+ Nc6 15. Bc1 0-0 16. f4 Qb4 17. Qd1 Qd4 18. Qb3 Qb4 19. Qh3 f5 20. a3 Qb6 21. g4 Ne7 22. Bd3 g6 23. b4 Bd4 24. Ra2 Rac8 25. Rg2 Qc7 26. Bd2 fxg4 27. Rxg4 Nf5 28. Rf3 Qg7 29. Qg2 Rc7 30. h4 Qh6 31. Rh3 Rg7 32. Rg5 Bb6 33. Rg4 Kh8 34. Qf3 Rgg8 35. Kh2 Qh5 36. Qg2 Nh6 37. Rg5 Qd1 38. Rhg3 Bd8 39. h5 Bxg5 40. Rxg5 gxh5 41. f5 Ng4+ 42. Kh3 Qb3 43. Rxg8+ Rxg8 44. Qf3 Qxd3 0-1